01789nab a2200421 a 4500001000700000003000800007005001700015006001900032007001500051008004100066022001400107022003400121035002200155040002600177050002700203080001500230082001500245100001700260222008500277245013300362260004000495300001300535310001400548362003300562533016400595546006500759650006600824650005600890650007600946650004101022650004201063650004501105655003201150700002001182710001901202740008401221856006201305108261FlNmELB20241217173839.0m o d | cr cn|||||||||201212r2011 sp |||||s|||||||||||spa d a1134-3478 a1988-3293 (ed. electrónica) a(OCoLC)1105853182 aFlNmELBbspacFlNmELB 4aLB1043.2.S7bL955 2011 a37.013(05)04a371.332221 aLull, James. 0aComunicar :bRevista Científica Iberoamericana de Comunicación y Educación10aHacia una nueva conceptualización evolutiva de la comunicación culturalh[recurso electronico] /cJames Lull, Eduardo Neiva. a[Huelva] :bGrupo Comunicar,c2011. a25-34 p. aSemestral0 aVol. XVIII, Num. 36 (2011)- aRecurso electrónico. Santa Fe, Arg.: e-libro, 2015. Disponible vía World Wide Web. El acceso puede estar limitado para las bibliotecas afiliadas a e-libro. aArtículo en español ; resumenes en español e inglés. 4aComunicación en la educaciónvPublicaciones periódicas. 4aTecnología educativavPublicaciones periódicas. 4aInformáticaxAplicaciones en educaciónvPublicaciones periódicas. 0aAudio-visual educationvPeriodicals. 0aMass media in educationvPeriodicals. 0aCommunication in educationvPeriodicals. 4aArtículos electrónicos.1 aNeiva, Eduardo.2 ae-libro, Corp.02aComunicar :Revista Científica Iberoamericana de Comunicación y Educación.40uhttps://elibro.net/ereader/politecnicointernacional/98639